000 00289nam a2200121Ia 4500
008 190216s9999||||xx |||||||||||||| ||und||
100 _aGupta S P
245 0 _aAdvanced Practical Statistics
260 _bAddison-Wesley Pbl: Co:
_c1974
300 _a739p
650 _aCommerce
942 _cBK
999 _c4588
_d4588